000 01176nam a2200349Ia 4500
001 dia_5998
003 CHAP
005 20230323101540.0
008 220117s2011 xx 000 0 und d
010 _a177163
020 _a978-607-438-398-0
040 _cCHAP
082 _a808.839384 G33 M86 2011
100 _aGaarder, Jostein
_9160376
245 _aEl mundo de Sofía : novela sobre la historia de la filosofía /
_c Jostein Gaarder ; traducción Kristi Baggethun y Asunción Lorenzo
260 _aMéxico :
_b Grupo Editorial Patria,
_c2011
300 _ax, 638 p.
503 _aC.
590 _aPT8951.17.A17 M86 2011
650 _aFiction
_9152751
650 _aFilosofía
_xHistoria
_xNovela
_9160377
650 _aLiteratura noruega
_xSiglo XX
_9160378
650 _aNorwegian literature
_x20th century
_9160379
650 _aNovela
_982011
650 _aPhilosophy
_xHistory
_xFiction
_9160380
700 _aBaggethun, Kristi, tr.
_9160381
700 _aLorenzo, Asunción, tr.
_9160382
901 _a808.839384 G33 M86 2011
902 _aA
905 _a5232272011 mx x 9222223332spa16
942 _cLIBRO
_2ddc
999 _c177163
_d177163